000 00514nam a2200193Ia 4500
005 20250508150559.0
008 008 250505s9999 xx 000 0 eng d
037 _aTextual
040 _aFEDL
_beng
_cFEDL
041 _aeng
_2eng
084 _a912.54, BAR
_qFEDL
100 _aBartholomew John
245 0 _aOxford economic atlas
250 _a8th
260 _aLondon, UK
_bOxford University Press
_c1937
300 _axii,64p.
942 _cTEXL
_h912.54, BAR
999 _c1324378
_d1324378